Most Famous Rappers - Statistics

General Stats
  • This quiz has been taken 198 times
  • The average score is 7 of 15
Answer Stats
No. Rapper % Correct
1 Eminem
93%
2 Drake
82%
11 Kanye West
70%
6 Kendrick Lamar
65%
3 Snoop Dog
53%
13 Lil Wayne
50%
9 50 Cent
48%
12 Dr. Dre
47%
4 Travis Scott
43%
14 Ice Cube
37%
8 J. Cole
34%
5 Juice WRLD
28%
10 Lil Uzi Vert
27%
15 21 Savage
25%
7 Post Malone
20%
No matching quizzes found
Score Distribution
Percent of People with Each Score
Percentile by Number Answered
Your Score History
You have not taken this quiz